Datum a čas kvízu
23
Celkem bodů
Celkový počet nahraných bodů na tomto kvízu bez doplňovacích otázek.
2.
Pořadí na kvízu
Konečné umístění týmu na tomto kvízu.
Zaznamenané odpovědi
| # | Otázka | Odpověď | Body | Výsledky |
|---|---|---|---|---|
| 1. | Nedaleko Kostelce nad Orlicí n... | 0 | ||
| 2. | Na středeční akci Apple Keynot... | 1 | ||
| 3. | Výtvarnice Kateřina Milerová n... | 0 | ||
| 4. | Čínské firmy hodlají vzít útok... | 0 | ||
| 5. | Naše mužská reprezentace se v... | 1 | ||
| 6. | Míváte občas strach, když proc... | 0 | ||
| 7. | Navážeme ještě na předchozí ot... | 1 | ||
| 8. | Bermudský trojúhelník má nedob... | 1 | ||
| 9. | Dálnice D1 dokáže řidičům také... | 1 | ||
| 10. | Na fotce vidíme ostrov Bikini,... | 1 |